000 00848nam a22002057a 4500
999 _c3448
_d3448
003 AR-CdUCM
008 190306b ||||| |||| 00| 0 spa d
040 _aMUNICIPALIDAD PROVINCIAL DEL CUSCO
_cBIBLIOTECA MUNICIPAL DEL CUSCO
082 _a370.985 /
_bB54
100 _aShaw Biondi, Juan ; Zapata Saldaña, Eduardo
_911363
245 _aLo que piensan los niños sobre la Escuela /
260 _aPerú :
_bUniversidad de Lima ,
_c1990.
300 _a98 páginas ;
_c21.5 cm.
505 _aContenido : Textualidad y Credibilidad en la Educacion Peruana -- Enl universo explorado -- Lo que piensan nuestros estudiantes -- Programa Amigos para el Trabajo -- Bibliografias...
650 _aCredibilidad de Educacion Peruana
_911364
650 _aPedagogia Peruana
_96837
650 _aEducacion Peruana
_93585
942 _2ddc
_cLIBROS
945 _artm